Diary of a Wimpy Kid Series Quiz Stats

 Plays Quiz not verified by Sporcle

Challenge
Share
Tweet
Embed
Score 0/7 Timer 05:00
0 Plays Today
Colour of the Book The Book % Correct
RedDiary of a Wimpy Kid
100%
BlueDiary of a Wimpy Kid:Rodrick Rules
64.6%
YellowDiary of a Wimpy Kid:Dog Days
33.3%
GreenDiary of a Wimpy Kid:The Last Straw
29.2%
Light BlueDiary of a Wimpy Kid:Cabin Fever
20.8%
PurpleDiary of a Wimpy Kid:The Ugly Truth
18.8%
BrownDiary of a Wimpy Kid:The Third Wheel
14.6%

You're not logged in!

Compare scores with friends on all Sporcle quizzes.
Join for Free
OR
Log In

You Might Also Like...

Show Comments

Extras

Top Quizzes Today


Score Distribution

Your Account Isn't Verified!

In order to create a playlist on Sporcle, you need to verify the email address you used during registration. Go to your Sporcle Settings to finish the process.

Report this User

Report this user for behavior that violates our Community Guidelines.

Details: